| 000 | 00410nam a22001697a 4500 | ||
|---|---|---|---|
| 003 | MPLRDC | ||
| 005 | 20220104142430.0 | ||
| 008 | 210129b ||||| |||| 00| 0 eng d | ||
| 082 | _a857.7 XMY v.94 | ||
| 100 | _a梦萝 | ||
| 245 |
_a宝贝蜜儿的最爱 _c |
||
| 260 |
_a _b星河出版社 _c1997 |
||
| 300 | _b平 | ||
| 490 | _a寻梦园系列. 94 | ||
| 650 | _a长篇小说 | ||
| 942 |
_cBK _o857.7 XMY v.94 |
||
| 999 |
_c30849 _d30839 |
||